000 00659nam a2200193Ia 4500
008 090123s9999 xx 000 0 und d
082 _b4154
_a891.463/अग्निहोत्री
100 _aजॉन स्टाईन बेक
245 _aभाग्यचक्र
250 _a1
260 _bमॅजेस्टिक प्रकाशन
_c1975
300 _a120
600 _aजॉन स्टाईन बेक
630 _aभाग्यचक्र
700 _aअग्निहोत्री अ.श.
700 _aजॉन स्टाईन बेक
730 _aभाग्यचक्र
942 _cBOOK
999 _c42230
_d42230